[Event "Miskolc Avas op"]
[Site "Miskolc"]
[Date "2005.08.21"]
[Round "6"]
[White "Szucs, Miklos"]
[Black "Toth, Ervin"]
[Result "1-0"]
[WhiteElo "1974"]
[BlackElo "2280"]
[PlyCount "115"]
[EventDate "2005.08.18"]
[EventType "swiss"]
[EventRounds "7"]
[EventCountry "HUN"]
[SourceTitle "EXT 2008"]
[Source "ChessBase"]
[SourceDate "2007.11.25"]
[SourceVersion "1"]
[SourceVersionDate "2007.11.25"]
[SourceQuality "1"]

1. e4 e6 2. d4 d5 3. exd5 exd5 4. Bd3 Nc6 5. c3 Bd6 6. Be3 Nge7 7. Qc2 Be6 8. Nd2 Qd7 9. Ngf3 h6 10. 0-0-0 0-0-0 11. Rde1 f5 12. g3 g5 13. Nb3 b6 14. Nc5 Bxc5 15. dxc5 Kb8 16. Bb5 Qc8 17. Bd4 Rhf8 18. Bg7 Rg8 19. Bxh6 g4 20. Nd4 Nxd4 21. cxd4 a6 22. Bxa6 Qxa6 23. Rxe6 Nc8 24. Bf4 Rg7 25. Kb1 Qb5 26. Rc1 Kb7 27. a4 Qb4 28. cxb6 cxb6 29. Rc6 Qf8 30. Qe2 Nd6 31. Bxd6 Rxd6 32. Qb5 Qd8 33. a5 Rgg6 34. a6+ Kb8 35. Qa4 Rxc6 36. Rxc6 Rg7 37. Qc2 Rf7 38. Qe2 Ka7 39. Qe6 Re7 40. Qxf5 Re1+ 41. Ka2 Re8 42. Qf6 Kxa6 43. Qxd8 Rxd8 44. Rg6 Kb5 45. Rxg4 Kc4 46. h4 b5 47. Rf4 b4 48. Rf3 Ra8+ 49. Kb1 Kxd4 50. Kc2 Kc4 51. b3+ Kd4 52. Rf4+ Kc5 53. h5 Ra2+ 54. Kb1 Ra8 55. h6 Rh8 56. Rh4 Kd6 57. Kc2 Rh7 58. Rxb4 1-0

[Event "Miskolc Avas op"]
[Site "Miskolc"]
[Date "2005.08.18"]
[Round "1"]
[White "Meszaros, Andras"]
[Black "Szucs, Miklos"]
[Result "1-0"]
[WhiteElo "2300"]
[BlackElo "1974"]
[PlyCount "49"]
[EventDate "2005.08.18"]
[EventType "swiss"]
[EventRounds "7"]
[EventCountry "HUN"]
[SourceTitle "EXT 2008"]
[Source "ChessBase"]
[SourceDate "2007.11.25"]
[SourceVersion "1"]
[SourceVersionDate "2007.11.25"]
[SourceQuality "1"]

1. e4 e5 2. Nf3 Nc6 3. Bb5 a6 4. Ba4 Nf6 5. 0-0 Be7 6. Re1 b5 7. Bb3 0-0 8. c3 d5 9. d4 exd4 10. e5 Ne4 11. cxd4 Bb4 12. Nbd2 Bf5 13. Bc2 Nxd2 14. Bxd2 Bxd2 15. Qxd2 Ne7 16. Rac1 Qd7 17. Ng5 c6 18. Qe2 Bxc2 19. Qxc2 g6 20. Nxf7 Qa7 21. Ng5 Rac8 22. Qc5 Qxc5 23. Rxc5 Rf4 24. Ne6 Rf5 25. f4 1-0

[Event "Cseppko op-B 11th"]
[Site "Aggtelek"]
[Date "2002.07.20"]
[Round "8"]
[White "Szucs, Miklos"]
[Black "Igaz, Peter"]
[Result "0-1"]
[WhiteElo "1783"]
[BlackElo "2079"]
[PlyCount "66"]
[EventDate "2002.07.??"]
[EventType "swiss"]
[EventRounds "9"]
[EventCountry "HUN"]
[SourceTitle "EXT 2004"]
[Source "ChessBase"]
[SourceDate "2003.11.25"]
[SourceVersion "1"]
[SourceVersionDate "2003.11.25"]
[SourceQuality "1"]

1. e4 c5 2. Nf3 Nc6 3. d4 cxd4 4. Nxd4 Nf6 5. Nc3 d6 6. Be2 e6 7. Be3 Be7 8. g4 0-0 9. Qd2 a6 10. g5 Nd7 11. f4 Nxd4 12. Bxd4 b5 13. Bd3 Bb7 14. 0-0-0 Qc7 15. Rhg1 Nc5 16. Bxc5 dxc5 17. f5 Bd6 18. Rgf1 Rfd8 19. Qf2 c4 20. Be2 b4 21. Nb1 Bxe4 22. fxe6 fxe6 23. Nd2 Bd5 24. Bg4 c3 25. Nb3 cxb2+ 26. Kb1 Rf8 27. Qe2 Rxf1 28. Rxf1 a5 29. h4 Bc4 30. Qe4 Rf8 31. Rxf8+ Bxf8 32. g6 hxg6 33. Qxg6 Qf7 0-1

[Event "Cseppko op-B 11th"]
[Site "Aggtelek"]
[Date "2002.07.19"]
[Round "7"]
[White "Dobai, Szabolcs"]
[Black "Szucs, Miklos"]
[Result "1-0"]
[WhiteElo "2098"]
[BlackElo "1783"]
[PlyCount "47"]
[EventDate "2002.07.??"]
[EventType "swiss"]
[EventRounds "9"]
[EventCountry "HUN"]
[SourceTitle "EXT 2004"]
[Source "ChessBase"]
[SourceDate "2003.11.25"]
[SourceVersion "1"]
[SourceVersionDate "2003.11.25"]
[SourceQuality "1"]

1. d4 d5 2. c4 c6 3. Nc3 Nf6 4. Nf3 dxc4 5. a4 Nd5 6. e3 Nxc3 7. bxc3 b5 8. Ne5 e6 9. axb5 Bb7 10. bxc6 Nxc6 11. Qa4 Qc7 12. Rb1 Bd6 13. Rxb7 Qxb7 14. Qxc6+ Qxc6 15. Nxc6 a5 16. Bxc4 0-0 17. Bd2 a4 18. 0-0 Rfc8 19. Bb5 Kf8 20. c4 Ba3 21. Bb4+ Bxb4 22. Nxb4 a3 23. g3 Ke7 24. Ra1 1-0